Vista normal
Vista MARC
- Quintanar, Fernando
Entrada Personal Name
Número de registros utilizados en: 2
001 - CONTROL NUMBER
- control field: 8364
003 - CONTROL NUMBER IDENTIFIER
- control field: OSt
005 - DATE AND TIME OF LATEST TRANSACTION
- control field: 20160421142443.0
008 - FIXED-LENGTH DATA ELEMENTS
- fixed length control field: 160421|| aca||aabn | a|a d
040 ## - CATALOGING SOURCE
- Original cataloging agency: OSt
- Transcribing agency: OSt
100 ## - HEADING--PERSONAL NAME
- Personal name: Quintanar, Fernando
670 ## - SOURCE DATA FOUND
- Source citation: Work cat.: (OSt): Quintanar, Fernando, Atención psicológica de las personas mayores : investigación y experiencias en psicología del envejecimiento, 2011